| 000 | 01084nam a2200313 a 4500 | ||
|---|---|---|---|
| 001 | 21089 | ||
| 003 | BD-RjUL | ||
| 005 | 20211209000640.0 | ||
| 008 | 140303t19471941nyua b 001 0 eng d | ||
| 035 | _a(BD-RjUL)21153 | ||
| 040 |
_aDLC _cDLC _dDLC _dBD-RjUL _beng |
||
| 041 | _aeng | ||
| 082 | 0 | 0 |
_a973 _219 _bPAV 1947 |
| 100 | 1 |
_aPayne, Leoniadas warrenn. _965173 |
|
| 245 | 1 | 0 |
_aVoices of America / _cLeoniadas warren Payne, Mark A. Neville and Natalie E. Chapman. |
| 260 |
_aNew York : _bRand mcnally & Co., _cc1941 [1947]. |
||
| 300 |
_ax, 714 p. : _bill. ; _c23 cm. |
||
| 490 | _aEnjoying Literature. | ||
| 504 | _aIncludes bibliography and index. | ||
| 651 | 0 |
_aUnited States _xHistory _xSources _xJuvenile literature. _965174 |
|
| 651 | 0 |
_aAmerica _xDiscovery and exploration _xSources _xJuvenile literature. _965175 |
|
| 651 | 1 |
_aUnited States _xHistory _xSources. _965176 |
|
| 700 | 1 |
_aNeville, Mark A. _965177 |
|
| 700 | 1 |
_aChapman, and Natalie E. _965178 |
|
| 830 |
_aEnjoying Literature. _965180 |
||
| 942 |
_2ddc _cBK |
||
| 999 |
_c21089 _d21089 |
||